| 000 | 00585nam a2200169 i 4500 | ||
|---|---|---|---|
| 001 | 92450 | ||
| 003 | ES-MaACL | ||
| 007 | t| | ||
| 008 | 050308s1965 mx ||||1| spa d | ||
| 100 | 1 |
_aLinder, Staffan Burenstan. _972396 |
|
| 245 | 1 | 0 |
_aTeoría del comercio y política comercial para el desarrollo / _cStaffan Burenstam Linder. |
| 250 | _a[1ª ed.]. | ||
| 260 |
_aMéxico : _bCentro de Estudios Monetarios Latinoamericanos, _c1965. |
||
| 300 |
_aXIV, 247 p. ; _c22 cm. |
||
| 710 | 1 |
_aCentro de Estudios Monetarios Latinoamericanos. _9134240 |
|
| 852 |
_aES-MaACL _jE-6872 _bR.91370 |
||
| 999 |
_c92450 _d92450 |
||